| 000 | 00603nam a22002057a 4500 | ||
|---|---|---|---|
| 005 | 20140115110610.0 | ||
| 010 | _aENG-109087 | ||
| 020 |
_a9788174469267 _c295.00 |
||
| 035 | _aEN-92620 | ||
| 037 | _bDBAD/PUB | ||
| 082 | _a658.87 | ||
| 100 | _aRathod,Raju | ||
| 245 |
_aRetail at crossroads : _cby Raju Rathod [and] Amit Jain _bstrategies for success / |
||
| 260 |
_aNew Delhi _bExcel Books _c2011 |
||
| 270 |
_aA- 45, Naraina, Phase 1 _bNew Delhi _e110028 |
||
| 300 |
_avii,126p. _c24cm(pbk) |
||
| 500 | _aIncludes index | ||
| 700 | _aJain,Amit | ||
| 942 |
_2ddc _cEN _mRAT _h658.87 |
||
| 999 |
_c81850 _d81850 |
||